00526nam a2200193Ia 450000500170000000800410001702000150005808200130007310000150008624500210010126000440012230000140016665000120018065000120019265000120020494200060021695200950022299900150031720240827014631.0240331s9999 xx 000 0 und d a0905712005 bHEIa800 aHenemann,W 4aThe time machine aLondonbWilliam Heinemann Limitedc1982 a828 p .,  aHistory aFiction aRomance cL 001040708LaWERCLbWERCLcSSCd2024-03-31l0o 800 HEIp6554r2024-03-31w2024-03-31yL c4779d4779